000 00609nam a2200169 i 4500
001 49287
003 ES-MaACL
005 20230906161923.0
007 t|
008 030711q1964 sp ||||1| spa d
100 1 _aCortés, Luis.
_940866
245 1 0 _aCinco estudios sobre el habla popular en la literatura francesa
_b: Molière, Balzac, Maupassant, Grono, Sartre /
_cLuis Cortés.
260 _aSalamanca :
_bActa Salmanticencia Iussu, senatus Universitatis,
_c1964.
300 _a132 p. ;
_c25 cm.
500 _aEs separata de: Filosofía y Letras. T. XVII, nº 4.
852 _aES-MaACL
_jC-25353
_bR.54210
999 _c49287
_d49287